| 000 | 00495nam a22001577a 4500 | ||
|---|---|---|---|
| 999 |
_c10483 _d10483 |
||
| 003 | GBCCL | ||
| 005 | 20241126110733.0 | ||
| 008 | 240814b ||||| |||| 00| 0 eng d | ||
| 040 | _cgbc | ||
| 082 |
_aARC GBC-2023 _bSHA |
||
| 100 |
_aShangdiar, Badakmenlang _918258 |
||
| 245 | _aA critical study of Richard Dawkins concept on the existence of God through scientifical and biblical evidence | ||
| 260 |
_aNew Lamka : _bGrace Bible College, _c2023 |
||
| 300 |
_a45p. ; _c28cm |
||
| 942 |
_2ddc _cTH |
||